000 00480nam a2200181Ia 4500
001 3893
005 20260306145717.0
008 260306t2014||||xx |||||||||||||| ||spa||
041 _aESP
082 _a304.6985
_bD69
100 _aDíaz Encinas, Alida Isidora
_eAUT
245 0 _aCenso general de 1876 en el Perú:
_bestudio sociodemográfico e histórico
260 _c2014
300 _a147 páginas :
_c24 cm.
650 _aGEN
654 _aCHU
942 _cLIB
_dJUS
_fJUS
_2ddc
_n
999 _c3893
_d3893